000 00548nam a2200181 a 4500
001 000026117
005 20200930024321.0
008 110301s1990 cu r 001 0 spa d
040 _aDO-SdBNP
_bspa
_cBNPHU
082 _a928.31
_bW132r
100 1 _aWagner, Richard.
_953070
245 1 0 _aRecuerdos de mi vida /
_cRichard Wagner.
260 _aLa Habana :
_bArte y Literatura,
_c1990.
300 _a430 p. :
_bil. ;
_c23 cm.
600 4 _aWAGNER, RICHARD,
_d1813-1883
_945739
650 4 _aCompositores italianos
_xBiografĂ­as
_953071
049 _aBNGR
999 _c25609
_d25609